Normal view
MARC view
- Turbines
Entry Topical Term
001 - CONTROL NUMBER
- control field: 35913
003 - CONTROL NUMBER IDENTIFIER
- control field: NUST
005 - DATE AND TIME OF LATEST TRANSACTION
- control field: 20210309124031.0
008 - FIXED-LENGTH DATA ELEMENTS
- fixed length control field: 210309|| aca||aabn | a|a d
040 ## - CATALOGING SOURCE
- Original cataloging agency: NUST
- Transcribing agency: NUST
150 ## - HEADING--TOPICAL TERM
- Topical term or geographic name entry element: Turbines
- General subdivision: Design and construction
670 ## - SOURCE DATA FOUND
- Source citation: Work cat.: (NUST)31641: Rangwala, Abdulla S., 1943- 35912, Turbo-machinery dynamics :, 2005.
